| Tag |
First Indicator |
Second Indicator |
Subfields |
| LEADER |
00000nam a2200000 i 4500 |
| 001 |
in00005503049 |
| 006 |
m o d f |
| 007 |
cr ||||||||||| |
| 008 |
240826s2024 dcu ob f000 0 eng c |
| 005 |
20241004210316.4 |
| 024 |
8 |
|
|a 54-722
|q (GPO jacket number)
|
| 035 |
|
|
|a (OCoLC)on1453254179
|
| 040 |
|
|
|a GPO
|b eng
|e rda
|e pn
|c GPO
|d MvI
|
| 042 |
|
|
|a pcc
|
| 043 |
|
|
|a n-us---
|a u-at---
|a e-uk---
|
| 049 |
|
|
|a WWW
|
| 074 |
|
|
|a 1012-F (online)
|
| 086 |
0 |
|
|a Y 4.AR 5/2 A:2023-2024/45
|
| 088 |
|
|
|a H.A.S.C. no. 118-45
|
| 110 |
1 |
|
|a United States.
|b Congress.
|b House.
|b Committee on Armed Services.
|b Subcommittee on Seapower and Projection Forces,
|0 https://id.loc.gov/authorities/names/no2011153620
|e author.
|
| 245 |
1 |
4 |
|a The submarine industrial base and its ability to support the AUKUS framework :
|b hearing before the Subcommittee on Seapower and Projection Forces of the Committee on Armed Services, House of Representatives, One Hundred Eighteenth Congress, first session, hearing held October 25, 2023.
|
| 246 |
3 |
|
|a Submarine industrial base and its ability to support the Australia, United Kingdom, and United States framework
|
| 264 |
|
1 |
|a Washington :
|b U.S. Government Publishing Office,
|c 2024.
|
| 300 |
|
|
|a 1 online resource (iii, 70 pages)
|
| 336 |
|
|
|a text
|b txt
|2 rdacontent
|
| 337 |
|
|
|a computer
|b c
|2 rdamedia
|
| 338 |
|
|
|a online resource
|b cr
|2 rdacarrier
|
| 500 |
|
|
|a Access ID (govinfo): CHRG-118hhrg54722.
|
| 500 |
|
|
|a In scope of the U.S. Government Publishing Office Cataloging and Indexing Program (C&I) and Federal Depository Library Program (FDLP).
|
| 500 |
|
|
|a "H.A.S.C. no. 118-45."
|
| 500 |
|
|
|a GPO Cataloging Record Distribution Program (CRDP).
|
| 504 |
|
|
|a Includes bibliographical references.
|
| 511 |
0 |
|
|a Hearing witnesses: Houston, VADM William J., USN, Commander, Naval Submarine Forces, Department of the Navy; Karlin, Mara E., Performing the Duties of Deputy Under Secretary of Defense for Policy, Department of Defense; Raven, Hon. Erik K., Under Secretary of the Navy, Department of the Navy; Rucker, RDML Jonathan, USN, Program Executive Officer, Attack Submarines, Department of the Navy.
|
| 518 |
|
|
|a Date of hearing: 2023-10-25.
|
| 588 |
|
|
|a Description based on online resource; title from PDF title page (GovInfo, viewed August 26, 2024).
|
| 651 |
|
0 |
|a United States.
|0 https://id.loc.gov/authorities/names/n78095330
|
| 651 |
|
0 |
|a Australia.
|0 https://id.loc.gov/authorities/names/n79021326
|
| 651 |
|
0 |
|a Great Britain.
|0 https://id.loc.gov/authorities/names/n79023147
|
| 650 |
|
0 |
|a Submarines (Ships)
|0 https://id.loc.gov/authorities/subjects/sh85129487
|
| 650 |
|
0 |
|a Defense industries
|x Law and legislation
|z United States.
|
| 650 |
|
0 |
|a National security
|z United States.
|0 https://id.loc.gov/authorities/subjects/sh85140387
|
| 650 |
|
7 |
|a Armed Forces and National Security.
|2 cgpa
|
| 655 |
|
7 |
|a Legislative hearings.
|2 lcgft
|0 https://id.loc.gov/authorities/genreForms/gf2013025047
|
| 776 |
0 |
8 |
|i Print version:
|a United States. Congress. House. Committee on Armed Services. Subcommittee on Seapower and Projection Forces.
|t Submarine industrial base and its ability to support the AUKUS framework
|w (OCoLC)1453254178
|
| 856 |
4 |
0 |
|u https://purl.fdlp.gov/GPO/gpo232267
|t 0
|
| 999 |
f |
f |
|s ffe5c456-99df-4655-9975-7d962463accd
|i dceff70c-08d8-44ab-bd8c-026acc8e59c7
|t 0
|
| 952 |
f |
f |
|a Texas A&M University
|b College Station
|c Electronic Resources
|d Available Online
|t 0
|e Y 4.AR 5/2 A:2023-2024/45
|h Superintendent of Documents classification
|
| 998 |
f |
f |
|a Y 4.AR 5/2 A:2023-2024/45
|t 0
|l Available Online
|